| 000 | 00876am a2200289a 44500 | ||
|---|---|---|---|
| 003 | AR-BaBNM | ||
| 005 | 20251128211202.0 | ||
| 008 | 043020s2000 #AR|||||||||||000 | spa|| | ||
| 020 | _a987-9191-91-9 | ||
| 040 | _cAR-BaBNM | ||
| 100 | 1 | _aGalaburri, María Laura | |
| 245 | 1 | 0 |
_aLa enseñanza del lenguaje escrito _bun proceso de construcción |
| 250 | _a1ª ed. | ||
| 260 |
_aBuenos Aires _bEdiciones Novedades Educativas _c2000 |
||
| 300 |
_a141 p. _bil., tablas |
||
| 490 | 0 | _aRecursos didácticos | |
| 504 | _aContiene referencias bibliográficas p. 139-141 | ||
| 650 | 4 | _aENSEÑANZA DE LA ESCRITURA | |
| 650 | 4 | _aMEJORA DE LA ESCRITURA | |
| 653 | _aEDUCACION GENERAL BASICA | ||
| 653 | _aENSEÑANZA DE LA LENGUA | ||
| 653 | _aESTRATEGIAS DIDACTICAS | ||
| 653 | _aPRODUCCION DE TEXTOS | ||
| 653 | _aPROYECTOS DE AULA | ||
| 942 | _cBK | ||
| 998 | _craquel | ||
| 999 |
_c18623 _d18623 |
||